Statistiques concernant They Shoot Pictures, Don't They? - films 801 à 820

Cliquez ici pour prendre le quiz!

Statistiques générales

  • Ce quiz a été pris 27 fois
  • Le résultat moyen est 5 sur 20

Statistiques - réponses

Réponse% Correct
The Social Network
91%
Dumbo
74%
Requiem for a Dream
57%
JFK
52%
Van Gogh
48%
Un tramway nommé Désir
43%
Malcolm X
35%
À l'Ouest, rien de nouveau
26%
Le Sud
26%
Femmes au bord de la crise de nerfs
17%
Le Fils
17%
Le Pigeon
17%
Faster, Pussycat! Kill! Kill!
9%
Shock Corridor
9%
Hitler, un film d'Allemagne
4%
Sourires d'une nuit d'été
4%
Broadcast News
0%
L'Opinion Publique
0%
Losing Ground
0%
Rose Hobart
0%

Distribution des résultats

Percentile par nombre de réponses

% des personnes avec chaque résultat

Votre développement - résultats

Vous n’avez pas pris ce quiz